| 000 | 00000cas 2200000zi 4500 |
| 001 | 9.955513 |
| 003 | CaOODSP |
| 005 | 20260604142459 |
| 006 | m o d f |
| 007 | cr cn |||||||| |
| 008 | 250918c20249999oncar p o f0 b0fre|d |
| 022 | |a2819-6996 |
| 040 | |aCaOODSP|bfre|erda|cCaOODSP |
| 043 | |an-cn--- |
| 086 | 1 |aBT1-75F-PDF |
| 222 | 0|aStratégie en matière de talents numériques du gouvernement du Canada, bilan de l'exercice ... |
| 245 | 00|aStratégie en matière de talents numériques du gouvernement du Canada, bilan de l'exercice. |
| 264 | 1|a[Ottawa] : |bSecrétariat du Conseil du trésor du Canada = Treasury Board of Canada Secretariat, |c[2025]- |
| 310 | |aAnnuel |
| 336 | |atexte|btxt|2rdacontent/fre |
| 337 | |ainformatique|bc|2rdamedia/fre |
| 338 | |aressource en ligne|bcr|2rdacarrier/fre |
| 362 | 1 |aParaît depuis : 2023/2024. |
| 500 | |aPublié aussi en anglais sous le titre : The government of Canada's digital talent strategy, year in review. |
| 588 | |aDescription d'après : 2023/2024. |
| 588 | |aDernière livraison consultée : 2023/2024. |
| 650 | 6|aAdministration publique en ligne|zCanada|vPériodiques. |
| 650 | 6|aInformatique|xPersonnel|xRecrutement|zCanada|vPériodiques. |
| 650 | 6|aServices Web|xPolitique gouvernementale|zCanada|vPériodiques. |
| 655 | 7|aPériodiques|2rvmgf |
| 710 | 1 |aCanada. |bConseil du trésor, |eorganisme de publication. |
| 775 | 08|tThe government of Canada's digital talent strategy, year in review.|w(CaOODSP)9.955509 |